Autodesk Revit Architecture 2016 (Record no. 14208)

MARC details
000 -LEADER
fixed length control field 00361nam a2200145Ia 4500
008 - FIXED-LENGTH DATA ELEMENTS--GENERAL INFORMATION
fixed length control field 230312s9999||||xx |||||||||||||| ||und||
020 ## - INTERNATIONAL STANDARD BOOK NUMBER
International Standard Book Number 978-1119059530
082 ## - DEWEY DECIMAL CLASSIFICATION NUMBER
Classification number 720.2840285536
Item number WIN-A
100 ## - MAIN ENTRY--PERSONAL NAME
Personal name Wing;Eric
245 #0 - TITLE STATEMENT
Title Autodesk Revit Architecture 2016
260 ## - PUBLICATION, DISTRIBUTION, ETC.
Name of publisher, distributor, etc. Sybex
Place of publication, distribution, etc. InDIA
Date of publication, distribution, etc. 2015
300 ## - PHYSICAL DESCRIPTION
Extent 836
650 ## - SUBJECT ADDED ENTRY--TOPICAL TERM
Topical term or geographic name entry element Computer
Form subdivision Computer
942 ## - ADDED ENTRY ELEMENTS (KOHA)
Koha item type BOOK
Holdings
Withdrawn status Lost status Source of classification or shelving scheme Damaged status Not for loan Home library Current library Date acquired Total Checkouts Full call number Barcode Date last seen Price effective from Koha item type
    Dewey Decimal Classification     Superior Information Resource Center (SIRC) Superior University- Central Library Superior Information Resource Center (SIRC) Superior University- Central Library 03/13/2023   720.2840285536 WIN-A 14343 03/13/2023 03/13/2023 BOOK

Powered by Koha